| 000 | 01447cam a2200325 a 4500 | ||
|---|---|---|---|
| 001 | 12148320 | ||
| 005 | 20060721183748.0 | ||
| 008 | 000818s2001 enk |rb 001 0 eng | ||
| 010 | _a00064968 | ||
| 020 | _a0195144260 (acidfree paper) | ||
| 040 |
_aDLC _cDLC _dDLC |
||
| 043 |
_aa-my--- _aa-pk--- |
||
| 050 | 0 | 0 |
_aDS597.2 _b.N37 2001 |
| 082 | 0 | 0 |
_a322.1095491 _222 _bNAS |
| 100 | 1 |
_aNasr, Seyyed Vali Reza, _d1960- _911076 |
|
| 245 | 1 | 0 |
_aIslamic Leviathan : _bIslam and the Making of State Power / _cSeyyed Vali Reza Nasr. |
| 260 |
_aOxford ; _aNew York : _bOxford University Press, 2001 _c2001. |
||
| 300 |
_ax, 231 p. ; _c24 cm. |
||
| 440 | 0 | _911077 | |
| 490 | _aReligion and global politics | ||
| 504 | _aIncludes bibliographical references (p. 207-226) and index. | ||
| 650 | 0 |
_aIslam and politics _zMalaysia. _911078 |
|
| 650 | 0 |
_aIslam and politics _zPakistan. _911079 |
|
| 651 | 0 |
_aMalaysia _xPolitics and government. _911080 |
|
| 651 | 0 |
_aPakistan _xPolitics and government _y1988- _911081 |
|
| 856 | 4 | 2 |
_3Publisher description _uhttp://www.loc.gov/catdir/enhancements/fy0610/00064968-d.html |
| 942 |
_2ddc _cBB |
||
| 999 |
_c13309 _d13309 |
||